| LEADER |
00981nam0a2200241 450 |
| 001 |
16846402 |
| 010 |
|
|
|a 978-2-7459-8504-0
|b rel.
|d 10,9
|
| 100 |
|
|
|a 20180809d2026 u u0frey01 ba
|
| 101 |
0 |
|
|a fre
|
| 102 |
|
|
|a FR
|
| 200 |
0 |
|
|a Sur le pot !
|f Alice Le Hénand, Thierry Bedouet
|
| 207 |
|
1 |
|a
|
| 210 |
|
|
|a Toulouse
|b 9 rue des Gestes.
|c Milan
|d DL 2017
|
| 215 |
|
|
|a 1 vol. (non paginé [12] p.)
|c ill. en coul.
|d 17 x 20 cm
|
| 225 |
1 |
|
|a Les minousses
|
| 300 |
|
|
|a Livre cartonné avec des tirettes - Petite enfance
|
| 330 |
|
|
|a Aller sur le pot est une grande étape dans la vie des enfants. Un apprentissage qu'il sera facile d'acquérir grâce aux Minousses : des héros malins pour encourager les petits à bien grandir !
|
| 461 |
|
0 |
|t Les minousses
|
| 700 |
|
0 |
|a Le Hénand
|b Alice
|4 70
|
| 701 |
|
0 |
|a Bedouet
|b Thierry
|f 1970-....
|4 70
|
| 900 |
|
|
|a Album
|
| 901 |
|
|
|a Jeunesse
|
| 995 |
|
|
|a Médiathèque
|c Médiathèque
|f 089016211
|h 089016211
|k A LEH BB
|o p
|q j
|r az
|e Médiathèque
|